| 000 | 04127cam a2200469 i 4500 | ||
|---|---|---|---|
| 001 | data | ||
| 005 | 20260322212115.0 | ||
| 008 | data | ||
| 035 | _a21222369 | ||
| 906 |
_a7 _bcbc _ccopycat _d3 _encip _f20 _gy-gencatlg |
||
| 925 | 0 |
_aacquire _b1 shelf copy _xpolicy default |
|
| 010 | _a 2019951662 | ||
| 020 |
_a9783110652529 _q(hardcover) |
||
| 020 |
_z9783110652543 _q(PDF) |
||
| 020 |
_z9783110652840 _q(EPUB) |
||
| 035 | _a(OCoLC)1096293249 | ||
| 040 |
_aYDX _beng _erda _cYDX _dDLC _dOCLCF _dCHVBK _dOCLCO _dOHX _dFDA _dOCLCO _dOCLCQ _dCUT _dMEAUC _dPTS _dOCLCO _dOCLCQ _dCUY _dOCLCO _dPUL _dDLC |
||
| 041 | 0 |
_aeng _aeng |
|
| 042 | _alccopycat | ||
| 050 | 0 | 0 |
_aBL304 _b.M9243 2020 |
| 082 | 0 | 4 |
_a201.3 _223 |
| 245 | 0 | 0 |
_aMythische Sphärenwechsel : _bmethodisch neue Zugänge zu antiken Mythen in Orient und Okzident / _cherausgegeben von Annette Zgoll und Christian Zgoll. |
| 264 | 1 |
_aBoston : _aBoston : _bDe Gruyter, _c[2020] |
|
| 264 | 4 | _c©2020 | |
| 300 |
_axix, 639 pages ; _c24 cm. |
||
| 336 |
_atext _btxt _2rdacontent |
||
| 337 |
_aunmediated _bn _2rdamedia |
||
| 338 |
_avolume _bnc _2rdacarrier |
||
| 490 | 0 |
_aMythological studies, _x2626-9163 ; _vBand 2 |
|
| 504 | _aIncludes bibliographical references and index. | ||
| 505 | 0 | 0 |
_tSphärenwechsel innerhalb des Totenreichs : Schutzgott, Totengericht und die Hoffnung auf ein gutes Leben nach dem Tod im akkadischen GebetSB19319, dem hebräischen Psalm 23 und anderen antiken Quellen / _rDaniel A. Werning. _rChristian Zgoll -- _tMyths as Polymorphous and polystratic Erzählstoffe : a theoretical and methodological foundation / _rChristian Zgoll -- _tDurch Tod zur Macht, selbst über den Tod : mythische Strata von Unterweltsgang und Auferstehung der Innana/Ištar in sumerischen und akkadischen Quellen / _rAnnette Zgoll -- _tZum Hades und darüber hinaus Mythische griechische Vorstellungen zum Weg des Menschen über den Tod ins Jenseits von Homer bis Platon / _rHeinz-Gunther Nesselrath -- _tSphärenwechsel innerhalb des Totenreichs : Schutzgott, Totengericht und die Hoffnung auf ein gutes Leben nach dem Tod im akkadischen GebetSB19319, dem hebräischen Psalm 23 und anderen antiken Quellen / _rAnnette Zgoll -- An der Schwelle zur Unterwelt : Liminalität und mythische stratigraphie in Vergils Polydoruserzählung (Aen. 3,13-68) / _rUlrike-Egelhaaf-Gaiser -- Die mythische Stoff des Sonnenaufgangs in ägyptischen Texten und Bilden des 15.-10. Jahrhunderts v. Chr. / _rDaniel A. Werning. |
| 520 |
_a"Fahrt ins Totenreich, Versetzung auf die Insel der Seligen, Aufstieg in den Himmel - Sphärenwechsel in antiken Mythen thematisieren wichtige Welterklärungs- und Weltbewältigungsversuche. Um solche und andere Mythen systematisch und komparatistisch fundiert aufzuarbeiten, bedarf es einer umfassenden Rahmentheorie sowie einer kulturspezifisch und kulturvergleichend applizierbaren Methodik. Die DFG-Forschungsgruppe 2064 STRATA begreift Mythen als Stoffe, die in medial unterschiedlicher Gestalt konkretisiert werden können. Eine Rekonstruktion dieser Stoffe gelingt durch die Methode der Hylemanalyse, der Extraktion und Sequenzierung kleinster handlungstragender Bausteine (Hyleme). Um die Komplexität von Mythenvarianten zu erfassen, wird ausserdem das Instrument der Stratifkationsanalyse eingesetzt, welches historisch gewachsene Schichten erkennen lässt. Die hier eingeschlagene neue Forschungsrichtung gibt Einblick in die dynamischen Überlieferungsprozesse zentraler Mythen aus antiken Kulturen und überrascht mit dem Nachweis verschiedener Strata in den untersuchten Stoffen, die ein Nebeneinander mehrerer Bedeutungsebenen generieren"-- _cProvided by publisher. |
||
| 546 | _aContributions in German, 1 in English. | ||
| 650 | 0 | _aMythology. | |
| 650 | 0 |
_aDeath _xMythology. |
|
| 650 | 7 |
_aDeath _xMythology. _2fast _0(OCoLC)fst00888635 |
|
| 650 | 7 |
_aMythology. _2fast _0(OCoLC)fst01031701 |
|
| 650 | 7 |
_aMythos. _2gnd _0(DE-588)4075159-4 |
|
| 700 | 1 |
_aZgoll, Annette, _eeditor. |
|
| 700 | 1 |
_aZgoll, Christian, _eeditor. |
|
| 999 |
_c1738 _d1738 |
||